000 00873nam a22001817a 4500
999 _c61227
_d61227
005 20240109141135.0
008 240109s1955 ru ||||| |||| 00| 0 rus d
041 _arus
080 _a821(03) T-41
100 _aТимофеев, Л.
_920979
245 _aКраткий словарь литературоведческих терминов :
_bПособ. для учащ. ср. шк. /
_cЛ. Тимофеев и Н. Венгров; Под ред. Л.И. Тимофеева.
264 _aМ. :
_bГос. учеб.-пед. издат-во,
_c1952.
300 _a157с. ;
_b20 см.
653 _aლიტერატურული ტერმინების მოკლე ლექსიკონი
700 _aВенгров, Н.
_eავტორი
_920980
700 _aТимофеева, Л.И.
_eრედაქტორი
_920981
942 _2udc
_cBK